Miss Univers 2025 - Statistiques

Statistiques générales
  • Ce quiz a été pris 145 fois
    115 depuis la dernière actualisation
  • Le résultat moyen est 17 sur 29
Statistiques - réponses
Classement Pays % Correct
Top 30 France
97%
Gagnante Mexique
97%
1st Runner up Thaïlande
86%
2nd Runner up Venezuela
86%
Top 12 Chine
78%
3rd Runner up Philippines
78%
4th Runner up Côte d'Ivoire
77%
Top 12 Chili
68%
Top 12 Colombie
67%
Top 30 États-Unis
67%
Top 30 Japon
64%
Top 30 Brésil
59%
Top 30 Inde
59%
Top 12 Guadeloupe
58%
Top 12 Cuba
54%
Top 30 Canada
52%
Top 12 Malte
51%
Top 30 Nicaragua
51%
Top 12 Porto Rico
45%
Top 30 Zimbabwe
42%
Top 30 Costa Rica
41%
Top 30 Palestine
41%
Top 30 Guatemala
39%
Top 30 Rwanda
39%
Top 30 Paraguay
36%
Top 30 République dominicaine
36%
Top 30 Croatie
33%
Top 30 Pays Bas
29%
Top 30 Bangladesh
28%
Aucun quiz correspondant
Distribution des résultats
% des personnes avec chaque résultat
Percentile par nombre de réponses
Votre historique - résultats
Vous n’avez pas pris ce quiz depuis la dernière actualisation